| Tag |
First Indicator |
Second Indicator |
Subfields |
| LEADER |
00000cam a2200000 4500 |
| 001 |
in00000024179 |
| 005 |
20151007061039.0 |
| 008 |
770526s1951 caua b 00000 engmc |
| 010 |
|
|
|a a 51009205
|
| 035 |
|
|
|a (OCoLC)02994789
|
| 035 |
|
|
|9 AAD0929AM
|
| 040 |
|
|
|a Calif. U. Lib.
|c VTU
|d VTU
|d TXA
|d UtOrBLW
|
| 049 |
|
|
|a TXAM
|c [239125]
|
| 050 |
|
0 |
|a QL1
|b .C15 vol.47, no.14
|
| 100 |
1 |
|
|a Ball, Gordon Harold,
|d 1899-
|
| 245 |
1 |
0 |
|a Gregarines from Bermuda marine crustaceans.
|
| 264 |
|
1 |
|a Berkeley :
|b University of California Press,
|c 1951.
|
| 300 |
|
|
|a 351-367 pages :
|b illustrations ;
|c 26 cm.
|
| 336 |
|
|
|a text
|b txt
|2 rdacontent
|
| 337 |
|
|
|a unmediated
|b n
|2 rdamedia
|
| 338 |
|
|
|a volume
|b nc
|2 rdacarrier
|
| 490 |
1 |
|
|a University of California publications in zoology, v.47, no.14
|
| 500 |
|
|
|a Contribution number 165 from the Bermuda Biological Station for Research.
|
| 504 |
|
|
|a "Literature cited": page 357.
|
| 650 |
|
0 |
|a Gregarina.
|
| 650 |
|
0 |
|a Crustacea
|x Parasites.
|
| 830 |
|
0 |
|a University of California publications in zoology ;
|v v. 47, no. 14.
|
| 830 |
|
0 |
|a Contributions (Bermuda Biological Station for Research) ;
|v no. 165.
|
| 999 |
|
|
|a MARS
|
| 999 |
f |
f |
|s 77aa320d-6fb4-31a5-8271-17cbdd5c0ab2
|i ab4175b6-ab67-36fe-96f5-096d86b3006a
|t 0
|
| 952 |
f |
f |
|p ric
|a Texas A&M University
|b Rellis Campus
|c Joint Library Facility
|s JLF
|d Remote Storage
|t 0
|e QL1 .C15 v.47, no.14
|h Library of Congress classification
|i unspecified -- unspecified
|m A14817690326
|n 1
|
| 998 |
f |
f |
|a QL1 .C15 v.47, no.14
|t 0
|l Remote Storage
|